| 000 | 00000nam##2200000za#4500 |
| 001 | 9.566524 |
| 003 | CaOODSP |
| 005 | 20210624180329 |
| 007 | cr ||||||||||| |
| 008 | 150406|1999||||xxc|||||o f|0| 0 eng|d |
| 040 | |aCaOODSP|beng |
| 043 | |an-cn--- |
| 086 | 1 |aTU3-5/99-23E-PDF |
| 110 | 2 |aTransportation Safety Board of Canada. |
| 245 | 10|aLoss of control / Collision with terrain - Mooney M-20F C-GGIK, St. Andrews, Manitoba 2 nm SE, 11 July 1999 |h[electronic resource] |
| 260 | |aGatineau - Quebec : |bTransportation Safety Board of Canada |c[2000]. |
| 300 | |a7p. |
| 490 | 1 |aAviation investigation report |vA99C0157 |
| 590 | |a10-10-Supp|b2010-11-09 |
| 775 | 08|tPerte de maîtrise et collision avec le terrain - Mooney M-20F C-GGIK 2 nm au sud-est de St. Andrews (Manitoba), le 11 juillet 1999 |w(CaOODSP)9.597995 |
| 830 | #0|aAviation investigation report ;|vA99C0157|w(CaOODSP)9.504825 |
| 856 | 40|ahttp://publications.gc.ca|qPDF|s85 KB|uhttps://publications.gc.ca/collections/collection_2009/bst-tsb/TU3-5-99-23E.pdf|yA99C0157 |